| 000 | 00412nam a2200157Ia 4500 | ||
|---|---|---|---|
| 008 | 221030s9999 xx 000 0 und d | ||
| 020 | _a0852267843 | ||
| 041 | _aEnglish | ||
| 082 |
_a105.23 _bMuk |
||
| 100 | _aK. K. R. Mukerjee | ||
| 245 | 0 |
_aFundamentals of Photochemistry _cby K. K. R. Mukerjee |
|
| 260 |
_bNew Age International Pub _aNew Delhi _c2000 |
||
| 300 | _a371 | ||
| 650 | _aChemistry | ||
| 942 | _cBK | ||
| 999 |
_c7056 _d7056 |
||